Obscure Knowledge - Countries of Oceania Quiz Stats

 Plays Quiz Updated Mar 27, 2018

Score 0/14 Timer 02:00
3 Plays Today
Percent Guessed Country % Correct
98.2%???
100%
96.9%???
95.7%
84.2%???
94.3%
83.9%???
93%
73.7%???
89.8%
73.4%???
86.2%
72.7%???
84%
Percent Guessed Country % Correct
69.6%???
80.6%
69.3%???
77.7%
64.0%???
73.9%
62.8%???
66.4%
60.8%???
57.5%
60.6%???
45.9%
58.8%???
30.3%

You're not logged in!

Compare scores with friends on all Sporcle quizzes.
OR
Log In

Show Comments

Extras

Top Quizzes Today


Score Distribution

Your Account Isn't Verified!

In order to create a playlist on Sporcle, you need to verify the email address you used during registration. Go to your Sporcle Settings to finish the process.

Report this User

Report this user for behavior that violates our Community Guidelines.

Details: